Serapio y Yerbabuena / (Registro nro. 9762)
[ vista simple ]
| 000 -LIDER | |
|---|---|
| fixed length control field | 00788nam a2200301 4500 |
| 001 - NÚMERO DE CONTROL | |
| Identificador de número de control | 00779389 |
| 003 - IDENTIFICACDOR DE NÚMERO DE CONTROL | |
| control field | DO-SdBNP |
| 005 - DATE AND TIME OF LATEST TRANSACTION | |
| control field | 20180302091404.0 |
| 007 - CAMPOS FIJOS DE DESCRIPCIÓN FÍSICA | |
| fixed length control field | 00779389 |
| 008 - ELEMENTOS DE LONGITUD FIJA | |
| fixed length control field | 900725s19uu sp spa |
| 016 7# - NO. DE CONTROL DE LA AGENCIA BIB. NACIONAL | |
| Record control number | |
| Source | BPMSU |
| 017 ## - NÚMERO DE REGISTRO DE DERECHOS DE AUTOR | |
| Copyright or legal deposit number | |
| Assigning agency | |
| 020 ## - ISBN | |
| International Standard Book Number | 8423612422 |
| 035 ## - NÚMERO LOCAL | |
| System control number | |
| 035 ## - NÚMERO LOCAL | |
| System control number | |
| 040 ## - FUENTE DE CATALOGACIÓN | |
| Agencia que crea de manera original el registro | BPMSU |
| Idioma de catalogación | spa |
| Agencia que realiza la transcripción | BPMSU |
| 080 #0 - NÚMERO DE CLASIFICACIÓN DECIMAL UNIVERSAL | |
| Universal Decimal Classification number | |
| 100 1# - ASIENTO PRINCIPAL -- NOMBRE PERSONAL | |
| Nombre personal | Díaz, Jorge |
| Fechas asociadas con el nombre | 1930-2007 |
| 245 10 - MENCIÓN DE TITULO | |
| Título | Serapio y Yerbabuena / |
| Medio (Designación general de material) | |
| Mención de responsabilidad | Jorge Díaz ; ilustraciones Horacio Elena |
| 260 ## - PUBLICACIÓN, DISTRIBUCIÓN, ETC. (PIE DE IMPRENTA) | |
| Lugar de publicación, distribución, etc | Barcelona : |
| Nombre del editor, distribuidor, etc. | Don Bosco, |
| Fecha de publicación, distribución, etc | [190?] |
| 300 ## - DESCRIPCIÓN FÍSICA | |
| Extensión | 58 p : |
| Otros detalles físicos | il. : |
| Dimensiones | 21 cm. |
| 490 0# - MENCIÓN DE SERIES | |
| Mención de serie | Teatro Edebe |
| 700 ## - ASIENTO SECUNDARIO -- NOMBRE PERSONAL | |
| Nombre personal | Elena, Horacio |
| Mención de responsabilidad | il. |
| 830 ## - ASIENTO SECUNDARIO DE SERIE--TÍTULO UNIFORME | |
| Título uniforme | Teatro Edebe |
| 942 ## - ADDED ENTRY ELEMENTS (KOHA) | |
| Source of classification or shelving scheme | Dewey Decimal Classification |
| Koha item type | Libros |
| 945 ## - INFORMACIÓN DE PROCESAMIENTO LOCAL | |
| Información de procesamiento local | inventariado, 2018 / dg |
| 956 ## - LOCAL ELECTRONIC LOCATION AND ACCESS (OCLC) | |
| Nombre de host | VMATEO |
| Método de acceso | 10 |
| Materiales especificados | 20160414 |
| Enlace | BPMSU |
| Campo enlazado y núm. de secuencia | 0069 |
| Withdrawn status | Lost status | Source of classification or shelving scheme | Damaged status | Not for loan | Home library | Current library | Date acquired | Source of acquisition | Total Checkouts | Barcode | Date last seen | Price effective from | Koha item type |
|---|---|---|---|---|---|---|---|---|---|---|---|---|---|
| Dewey Decimal Classification | Biblioteca Pública Metropolitana Salomé Ureña | Biblioteca Pública Metropolitana Salomé Ureña | 04/14/2016 | FUNDI | BPMSU16040422 | 04/14/2016 | 04/14/2016 | Libros |